| 000 | 00470pab a2200157 454500 | ||
|---|---|---|---|
| 008 | 180718b1998 xxu||||| |||| 00| 0 eng d | ||
| 100 | _aChaturvedi, R.S. | ||
| 245 | _aA proposal for establishment of rural technology park at the National Institute of Rural Development | ||
| 260 | _c1998 | ||
| 300 | _ap.579-88 | ||
| 362 | _aJul-Sep | ||
| 650 | _aRural development - India | ||
| 650 | _aRural development | ||
| 773 | _aJournal of Rural Development | ||
| 909 | _a39074 | ||
| 999 |
_c39074 _d39074 |
||